Drum beat / (Record no. 12729)

MARC details
000 -LEADER
fixed length control field 00497cam a22001812 4500
001 - CONTROL NUMBER
control field 0000002749
005 - DATE AND TIME OF LATEST TRANSACTION
control field 20151217155817.0
008 - FIXED-LENGTH DATA ELEMENTS--GENERAL INFORMATION
fixed length control field 070419s xx 000 0 eng d
040 ## - CATALOGING SOURCE
Original cataloging agency KABU
Transcribing agency KABU
050 #0 - LIBRARY OF CONGRESS CALL NUMBER
Classification number PR9381.9
Item number .D78O46
245 10 - TITLE STATEMENT
Title Drum beat /
Statement of responsibility, etc. chosen by Lennard Okola.
260 ## - PUBLICATION, DISTRIBUTION, ETC. (IMPRINT)
Place of publication, distribution, etc. Nairobi :
Name of publisher, distributor, etc. EAPH,
Date of publication, distribution, etc. 1967.
300 ## - PHYSICAL DESCRIPTION
Extent 153 p.
650 #0 - SUBJECT ADDED ENTRY--TOPICAL TERM
Topical term or geographic name as entry element Kenyan drama (English)
-- 0000152277
908 ## - PUT COMMAND PARAMETER (RLIN)
Put command parameter 070419
950 ## - LOCAL HOLDINGS (RLIN)
-- 1
Holdings
Withdrawn status Lost status Source of classification or shelving scheme Not for loan Home library Current library Date acquired Total Checkouts Full call number Barcode Date last seen Price effective from Koha item type
    Library of Congress Classification   Kabarak, Main Campus Kabarak, Main Campus 17/12/2015   PR9381.9 .D78O46 003899 17/12/2015 17/12/2015 Africana Collection
Designed with assistance from East African Informatics Ltd